[Event "Ä15Â"]
[Site "Loo"]
[Date "2017.04.22"]
[Round "3.13"]
[White "Åðîõîâà, Âèîëåòòà."]
[Black "Êóòÿíèíà, Ìàðèÿ."]
[Result "0-1"]
[WhiteElo "1746"]
[BlackElo "1922"]
[PlyCount "81"]
[EventDate "2017.04.20"]

1. d4 Nf6 2. Nc3 d5 3. Bf4 a6 4. f3 e6 5. e3 Nbd7 6. Nge2 Be7 7. Qd2 c5 8. Ng3
O-O 9. Be2 b5 10. O-O Bb7 11. a3 h6 12. Kh1 Ne8 13. Nh5 g6 14. Bxh6 gxh5 15.
Bxf8 Bxf8 16. Rae1 Bh6 17. f4 Nef6 18. Bf3 Qc7 19. g3 Rc8 20. Rc1 Nb6 21. Nd1
cxd4 22. exd4 Ne4 23. Qe1 Bg7 24. c3 Bxd4 25. Bxh5 Bg7 26. Bf3 Nc4 27. Rc2 Qc6
28. Nf2 Nxf2+ 29. Qxf2 Qc5 30. Qxc5 Rxc5 31. Re1 Rc8 32. h4 Nxb2 33. Rxb2 Bxc3
34. Rbb1 Bb2 35. Rxb2 Rc3 36. Kg2 Bc6 37. Ra2 d4 38. Bxc6 Rxc6 39. Kf2 Rc3 40.
g4 Rh3 41. Rd2 0-1

[Event "Ä15Â"]
[Site "Loo"]
[Date "2017.04.22"]
[Round "3.14"]
[White "Êðèêóíîâà, Îëåñÿ."]
[Black "Äóáíèêîâà, Àíàñòàñèÿ."]
[Result "0-1"]
[WhiteElo "1847"]
[BlackElo "1697"]
[PlyCount "106"]
[EventDate "2017.04.20"]

1. Nf3 d5 2. b3 Nf6 3. c4 e6 4. Bb2 Be7 5. e3 O-O 6. g3 b6 7. Bg2 Bb7 8. O-O c5
9. Qe2 Nc6 10. Nc3 Rc8 11. d3 Qd7 12. Rfd1 Rfd8 13. d4 cxd4 14. cxd5 dxc3 15.
dxc6 Qxc6 16. Bc1 e5 17. Ne1 Qc7 18. Bxb7 Qxb7 19. Rxd8+ Rxd8 20. Qc2 Rc8 21.
a4 Qe4 22. f3 Qd5 23. e4 Qd4+ 24. Kg2 Bc5 25. Qe2 Rd8 26. Nc2 Qg1+ 27. Kh3 Qf2
28. Qxf2 Bxf2 29. Kg2 Bd4 30. Kf1 a5 31. Ba3 Nd7 32. Ke2 Nc5 33. Rb1 f6 34. h3
Kf7 35. g4 g6 36. Na1 h5 37. Bxc5 Bxc5 38. Rd1 Bd4 39. Nc2 Ke6 40. Rd3 hxg4 41.
hxg4 Rd6 42. f4 Kd7 43. f5 g5 44. Rh3 Kc6 45. Rd3 Kc5 46. Rd1 Rd7 47. Rh1 b5
48. axb5 Kxb5 49. Rh8 Bc5 50. Rb8+ Kc6 51. Rc8+ Kd6 52. Rb8 Kc7 53. Rb5 Kc6 0-1

[Event "Ä15Â"]
[Site "Loo"]
[Date "2017.04.22"]
[Round "3.15"]
[White "Ìèõàéëîâà, Þëèÿ."]
[Black "Øåñòàêîâà, Åêàòåðèíà."]
[Result "0-1"]
[WhiteElo "1733"]
[BlackElo "1840"]
[PlyCount "98"]
[EventDate "2017.04.20"]

1. d4 d5 2. c4 c6 3. Nc3 Nf6 4. Nf3 e6 5. g3 Nbd7 6. Bg2 dxc4 7. O-O Be7 8. e4
O-O 9. a4 c5 10. d5 exd5 11. exd5 Nb6 12. Ne5 Bd6 13. f4 Re8 14. Re1 Ng4 15.
Nf3 Bf5 16. h3 Rxe1+ 17. Nxe1 Nf6 18. g4 Bd7 19. Be3 Qc7 20. Qd2 a5 21. Nf3 Re8
22. Nh4 h6 23. Bf3 Qd8 24. Ng2 Kh8 25. Qf2 Qc7 26. Qh4 Kg8 27. Qf2 Qc8 28. Qc2
h5 29. g5 Bf5 30. Qf2 Ne4 31. Nxe4 Bxe4 32. Bxe4 Rxe4 33. Qf3 Qe8 34. Qd1 Rxe3
35. Nxe3 Qxe3+ 36. Kh1 Qxh3+ 37. Kg1 Qg3+ 38. Kh1 h4 39. Qe2 Bxf4 40. Ra3 Qxg5
41. Rf3 Qxd5 42. Kg1 Qe5 43. Qf1 Qd4+ 44. Kh1 g5 45. Qe2 Qe5 46. Qd1 Qd4 47.
Qe2 Qd2 48. Qe8+ Kg7 49. Rh3 Qf2 0-1

[Event "Ä15Â"]
[Site "Loo"]
[Date "2017.04.22"]
[Round "3.16"]
[White "Êàðåëèíà, Âèêòîðèÿ."]
[Black "Ñòàðîñòèíà, Àëåêñàíäðà."]
[Result "1-0"]
[WhiteElo "1826"]
[BlackElo "1603"]
[PlyCount "75"]
[EventDate "2017.04.20"]

1. e4 e5 2. Nf3 d6 3. d4 Nd7 4. Bc4 c6 5. Ng5 Nh6 6. O-O Be7 7. Ne6 fxe6 8.
Bxh6 Bf6 9. Bxe6 Qe7 10. Bxd7+ Bxd7 11. Be3 O-O-O 12. Nc3 g5 13. dxe5 Bxe5 14.
Bxa7 Bxc3 15. bxc3 c5 16. a4 Bc6 17. Re1 Qe5 18. c4 Rhf8 19. Qg4+ Rd7 20. Qe2
Rf4 21. f3 Rdf7 22. Ra3 g4 23. Bb6 gxf3 24. gxf3 Bxe4 25. fxe4 Rf2 26. Qg4+ Kb8
27. Qg8+ Rf8 28. Qg3 Qd4 29. Rae3 R2f3 30. Qg5 R3f7 31. Qd5 Rg7+ 32. Kh1 Qf6
33. Qf5 Qe7 34. Qh3 Rgf7 35. e5 Rf4 36. exd6 Qf7 37. d7 Rd4 38. Re8+ 1-0

[Event "Ä15Â"]
[Site "Loo"]
[Date "2017.04.22"]
[Round "3.17"]
[White "Ïóäàëåâà, Çëàòà."]
[Black "Áàéáóðèíà, Êàìèëëà."]
[Result "0-1"]
[WhiteElo "1702"]
[BlackElo "1825"]
[PlyCount "64"]
[EventDate "2017.04.20"]

1. e4 e5 2. Nf3 d6 3. d4 exd4 4. Nxd4 Nf6 5. Nc3 Be7 6. g3 O-O 7. Bg2 c6 8. a4
a5 9. O-O Re8 10. h3 Nbd7 11. g4 Nc5 12. f4 Bf8 13. Re1 Qb6 14. Kh1 Ne6 15. Nf5
Qc7 16. g5 Nd7 17. Be3 f6 18. h4 g6 19. Ng3 fxg5 20. hxg5 Ng7 21. Bf3 Nc5 22.
Kg2 Qf7 23. Qd2 Be7 24. Rh1 Rf8 25. Qf2 Nge6 26. Rh4 Kg7 27. Bd4+ Nxd4 28.
Qxd4+ Kg8 29. Be2 Ne6 30. Qe3 Nxf4+ 31. Kg1 Bxg5 32. Rxf4 Qxf4 0-1

[Event "Ä15Â"]
[Site "Loo"]
[Date "2017.04.22"]
[Round "3.18"]
[White "Òîëêà÷åâà, Àííà."]
[Black "Ñîñíèíà, Åêàòåðèíà."]
[Result "1-0"]
[WhiteElo "1656"]
[BlackElo "1812"]
[PlyCount "77"]
[EventDate "2017.04.20"]

1. e4 e5 2. Nf3 Nc6 3. d4 exd4 4. Nxd4 Nf6 5. Nxc6 bxc6 6. e5 Qe7 7. Qe2 Nd5 8.
c4 Nb6 9. Nd2 Qe6 10. b3 Bb4 11. Bb2 O-O 12. g3 f6 13. O-O-O fxe5 14. Bg2 d5
15. cxd5 cxd5 16. Bxe5 Re8 17. f4 Qc6+ 18. Nc4 Qc5 19. Qc2 c6 20. Bd6 Qb5 21.
a4 Qa6 22. Bxb4 dxc4 23. Bxc6 cxb3 24. Qxb3+ Be6 25. Qd3 Qc8 26. Qc3 Nxa4 27.
Bxa4 Qb7 28. Bxe8 Rc8 29. Bc5 Rxe8 30. Rhe1 Qa6 31. Rd6 Qc8 32. Bd4 Qb8 33.
Rdxe6 Rc8 34. Rc6 Rd8 35. Qb2 Qa8 36. Qa2+ Kh8 37. Bxg7+ Kxg7 38. Re7+ Kh8 39.
Qb2+ 1-0

[Event "Ä15Â"]
[Site "Loo"]
[Date "2017.04.22"]
[Round "3.19"]
[White "Ðûáàêîâà, Àíàñòàñèÿ."]
[Black "Öâåòêîâà, Âëàäèñëàâà."]
[Result "0-1"]
[WhiteElo "1812"]
[BlackElo "1615"]
[PlyCount "72"]
[EventDate "2017.04.20"]

1. d4 Nf6 2. c4 e6 3. Nc3 Bb4 4. e3 O-O 5. Qc2 d6 6. Nf3 Nbd7 7. Bd3 Qe7 8. e4
e5 9. d5 a5 10. Bg5 Nc5 11. O-O Bxc3 12. Qxc3 h6 13. Bxf6 Qxf6 14. Nd2 Qg5 15.
Nb3 Bh3 16. g3 Nxd3 17. Qxd3 Bxf1 18. Rxf1 f5 19. Nd2 f4 20. Kg2 fxg3 21. hxg3
Rf6 22. Nf3 Qg4 23. Nh4 g6 24. f3 Qd7 25. Qe3 h5 26. Qg5 Qg7 27. Rh1 Raf8 28.
Kf2 Kh7 29. Qd2 Qf7 30. Qe3 c6 31. g4 Rf4 32. gxh5 g5 33. Nf5 g4 34. Ke1 gxf3
35. Kf1 cxd5 36. cxd5 Qc7 0-1

[Event "Ä15Â"]
[Site "Loo"]
[Date "2017.04.22"]
[Round "3.20"]
[White "Ãðóáîâà, Ñîôèÿ."]
[Black "Óñêîâà, Òàèñèÿ."]
[Result "0-1"]
[WhiteElo "1650"]
[BlackElo "1798"]
[PlyCount "116"]
[EventDate "2017.04.20"]

1. e4 e5 2. Nf3 Nc6 3. Bb5 a6 4. Ba4 Nf6 5. O-O b5 6. Bb3 Bb7 7. Re1 Be7 8. d4
d6 9. c3 O-O 10. Nbd2 h6 11. h3 Re8 12. Nf1 Bf8 13. Ng3 Qd7 14. Bd2 Rad8 15. d5
Na5 16. Bc2 Nc4 17. b3 Nxd2 18. Qxd2 c6 19. c4 cxd5 20. exd5 bxc4 21. bxc4 g6
22. a4 Qc7 23. Bd3 a5 24. Rab1 Ba6 25. Qc2 Rc8 26. Nd2 Nxd5 27. Bxg6 Nf4 28.
Bf5 Rb8 29. Nde4 Bg7 30. Rxb8 Rxb8 31. Rc1 Rb4 32. Qd1 Rxc4 33. Rxc4 Bxc4 34.
Nxd6 Ba6 35. Nde4 Bb7 36. Nh5 Nxh5 37. Qxh5 Bxe4 38. Bxe4 Qc1+ 39. Kh2 Qf4+ 40.
Kg1 Qxe4 41. Qd1 Qd4 42. Qc2 Qd7 43. Qb3 e4 44. Qb8+ Kh7 45. Qb3 Be5 46. Qc2
Qd3 47. Qc1 Qc3 48. Qb1 Qa1 49. Qf1 f5 50. g4 f4 51. Qxa1 Bxa1 52. Kf1 Bd4 53.
Ke2 Kg6 54. h4 f3+ 55. Ke1 Bf6 56. g5 hxg5 57. hxg5 Kxg5 58. Kf1 Kf4 0-1

[Event "Ä15Â"]
[Site "Loo"]
[Date "2017.04.22"]
[Round "3.21"]
[White "Ñû÷, Àëèíà."]
[Black "Ïîäãîðíîâà, Àííà."]
[Result "0-1"]
[WhiteElo "1478"]
[BlackElo "1769"]
[PlyCount "116"]
[EventDate "2017.04.20"]

1. e4 c5 2. Nf3 d6 3. d4 cxd4 4. Nxd4 Nf6 5. Nc3 a6 6. Be2 e5 7. Nb3 Be7 8. Be3
Be6 9. O-O O-O 10. f3 b5 11. a3 Nbd7 12. Qe1 Nb6 13. Rd1 Qc7 14. Qf2 Nc4 15.
Bxc4 Bxc4 16. Bb6 Qc8 17. Rfe1 Nd7 18. Na5 Nxb6 19. Qxb6 Bd8 20. Qxd6 Bxa5 21.
Qxe5 Re8 22. Qd4 Qe6 23. Kh1 Rad8 24. Qe3 Qe5 25. b4 Bc7 26. g3 h6 27. f4 Qf6
28. e5 Qc6+ 29. Qe4 Qxe4+ 30. Nxe4 Bd5 31. Kg1 Bxe4 32. Rxd8 Rxd8 33. Rxe4 Rd1+
34. Kf2 Rd2+ 35. Re2 Rd4 36. c3 Rc4 37. Rc2 Kf8 38. Ke2 Ke7 39. Kd3 g5 40. fxg5
hxg5 41. a4 Bxe5 42. axb5 axb5 43. Re2 Kd6 44. Rc2 f5 45. Rc1 Kd5 46. Rc2 f4
47. gxf4 gxf4 48. h4 f3 49. h5 Rxc3+ 50. Rxc3 Bxc3 51. Ke3 Kc4 52. Kxf3 Kxb4
53. Ke3 Ka3 54. Kd3 b4 55. Kc2 Ka2 56. h6 Bh8 57. Kc1 b3 58. h7 b2+ 0-1

[Event "Ä15Â"]
[Site "Loo"]
[Date "2017.04.22"]
[Round "3.22"]
[White "Åðøîâà, Ñîôüÿ."]
[Black "Óñà÷åâà, Ãëàôèðà."]
[Result "1-0"]
[WhiteElo "1727"]
[BlackElo "1705"]
[PlyCount "85"]
[EventDate "2017.04.20"]

1. e4 c5 2. Nf3 d6 3. d4 cxd4 4. Nxd4 Nf6 5. Nc3 g6 6. Be3 Bg7 7. f3 O-O 8. Qd2
Nc6 9. O-O-O Nxd4 10. Bxd4 Be6 11. Nd5 Nxd5 12. exd5 Bd7 13. Bxg7 Kxg7 14. h4
h6 15. h5 g5 16. f4 f6 17. Qd3 Qe8 18. fxg5 fxg5 19. Qd4+ Rf6 20. Bd3 Kg8 21.
Rdf1 Qf8 22. Qe4 Qg7 23. Rxf6 exf6 24. Qb4 Qe7 25. Qxb7 Qe3+ 26. Kb1 Re8 27. a3
Re7 28. Qb8+ Kg7 29. Qxd6 Bg4 30. Qb4 Bc8 31. d6 Rb7 32. Qc3 Qe5 33. Qxe5 fxe5
34. Ba6 Rb8 35. Bxc8 Rxc8 36. Kc1 Rd8 37. Rd1 Rd7 38. c4 Kf7 39. c5 Ke6 40. b4
e4 41. b5 e3 42. Rd3 e2 43. Kd2 1-0

[Event "Ä15Â"]
[Site "Loo"]
[Date "2017.04.22"]
[Round "3.23"]
[White "Àëèâåðäèåâà, Ýëèíà."]
[Black "Áóðíÿøåâà, Åëåíà."]
[Result "1/2-1/2"]
[WhiteElo "1674"]
[BlackElo "1721"]
[PlyCount "89"]
[EventDate "2017.04.20"]

1. e4 e6 2. d4 d5 3. Nc3 Bb4 4. e5 c5 5. a3 Bxc3+ 6. bxc3 Qc7 7. Nf3 Ne7 8. Bd3
Nbc6 9. O-O h6 10. a4 c4 11. Be2 Qa5 12. Bb2 O-O 13. Qd2 Bd7 14. Ba3 Rfe8 15.
Rfb1 b6 16. h3 Ng6 17. Nh2 Nce7 18. Bb4 Qa6 19. a5 b5 20. f4 Nc6 21. Bd6 Nge7
22. Bb4 Qc8 23. g4 Nxb4 24. cxb4 Nc6 25. c3 Qb8 26. Nf3 f6 27. Rf1 fxe5 28.
fxe5 Rf8 29. Rf2 Qc7 30. Raf1 Be8 31. Qc2 Bf7 32. h4 g6 33. Qd2 Kg7 34. g5 h5
35. Ne1 Qd8 36. Ng2 Ne7 37. Ne3 Nf5 38. Nxf5+ exf5 39. Qf4 Be6 40. Rg2 Rh8 41.
Qg3 a6 42. Rf4 Qd7 43. Rgf2 Raf8 44. Bf3 Qc6 45. Qg2 1/2-1/2

[Event "Ä15Â"]
[Site "Loo"]
[Date "2017.04.22"]
[Round "3.24"]
[White "Êîíîâà, Ïîëèíà."]
[Black "Áàíäóðèíà, Ñîôèÿ."]
[Result "1-0"]
[WhiteElo "1592"]
[BlackElo "1717"]
[PlyCount "85"]
[EventDate "2017.04.20"]

1. e4 Nc6 2. d4 d5 3. e5 f6 4. f4 Nh6 5. Nf3 Bg4 6. Be2 Nf5 7. c3 Qd7 8. b4 e6
9. Bd2 Be7 10. a4 fxe5 11. fxe5 O-O 12. O-O Rf7 13. Na3 h6 14. Nc2 Nh4 15. Nxh4
Rxf1+ 16. Qxf1 Bxe2 17. Qxe2 Bxh4 18. Qg4 Bg5 19. Bxg5 hxg5 20. Qxg5 Rf8 21.
Ne3 Qe7 22. Qxe7 Nxe7 23. Rf1 Nf5 24. Nxf5 exf5 25. g4 g6 26. Kg2 Kg7 27. Kg3
b6 28. b5 Rf7 29. h4 Kh6 30. g5+ Kg7 31. e6 Re7 32. Re1 Kf8 33. Kf4 Rh7 34. Rh1
Ke7 35. Ke5 f4 36. Rh3 Rh8 37. Kxd5 Rf8 38. Rf3 Rd8+ 39. Ke5 Rd6 40. d5 a6 41.
Rxf4 axb5 42. axb5 Ke8 43. Rf6 1-0

[Event "Ä15Â"]
[Site "Loo"]
[Date "2017.04.22"]
[Round "3.25"]
[White "Êîêóåâà, Àëèñà."]
[Black "Àëôåðîâà, Ïîëèíà."]
[Result "1-0"]
[WhiteElo "1552"]
[BlackElo "1712"]
[PlyCount "113"]
[EventDate "2017.04.20"]

1. e4 c6 2. d4 d5 3. Nc3 dxe4 4. Nxe4 Nf6 5. Nxf6+ gxf6 6. g3 Qd5 7. Nf3 Bg4 8.
Bg2 Qe4+ 9. Be3 Bh6 10. Qe2 Bxe3 11. fxe3 Nd7 12. O-O O-O-O 13. c4 c5 14. Qf2
Qe6 15. b4 cxd4 16. exd4 Kb8 17. c5 f5 18. b5 Nf6 19. Ng5 Qc4 20. Rac1 Qxd4 21.
Nxf7 Qxf2+ 22. Rxf2 Ne4 23. Bxe4 fxe4 24. Nxh8 Rxh8 25. Rf4 Bf3 26. Rf7 e5 27.
Re7 e3 28. Rxe5 e2 29. b6 Rd8 30. Kf2 Bg4 31. Re1 Rf8+ 32. Kg1 Bf3 33. R5xe2
Bxe2 34. Rxe2 axb6 35. cxb6 Kc8 36. Re7 h5 37. Rc7+ Kb8 38. Rh7 Kc8 39. Rxh5
Rf6 40. Rb5 Kd8 41. Kg2 Ke7 42. h4 Kf7 43. Kh3 Kg7 44. a4 Kh7 45. a5 Rf8 46.
Rc5 Ra8 47. g4 Kh8 48. h5 Kh7 49. Kh4 Kh8 50. g5 Rd8 51. Rc4 Rd5 52. Rc8+ Kh7
53. Rc7+ Kh8 54. Rxb7 Rxa5 55. h6 Rc5 56. Kh5 Rc6 57. g6 1-0

[Event "Ä15Â"]
[Site "Loo"]
[Date "2017.04.22"]
[Round "3.26"]
[White "Ýôåíäèåâà, Àëèíà."]
[Black "Çåëåíñêàÿ, Àíàñòàñèÿ."]
[Result "1-0"]
[WhiteElo "1661"]
[BlackElo "1738"]
[PlyCount "55"]
[EventDate "2017.04.20"]

1. e4 c5 2. Nf3 Nc6 3. d4 cxd4 4. Nxd4 g6 5. Nc3 Bg7 6. Be3 Nf6 7. Bc4 O-O 8.
Bb3 a6 9. f3 d6 10. h4 Qb6 11. Nf5 Qa5 12. Nxg7 Kxg7 13. Qd2 Kg8 14. Bh6 Bd7
15. Bxf8 Rxf8 16. O-O-O b5 17. g4 Ne5 18. Qf4 h5 19. gxh5 Nxh5 20. Qg5 Qd8 21.
Rhg1 Kh7 22. Qe3 f5 23. exf5 Rxf5 24. Bd5 Bc6 25. Bxc6 Nxc6 26. Rg5 Rf7 27. Qe4
Ne5 28. Rxh5+ 1-0

[Event "Ä15Â"]
[Site "Loo"]
[Date "2017.04.22"]
[Round "3.27"]
[White "Òóðêî, Àíàñòàñèÿ."]
[Black "Ãàðàôóòäèíîâà, Äèàíà."]
[Result "1-0"]
[WhiteElo "1719"]
[BlackElo "1654"]
[PlyCount "68"]
[EventDate "2017.04.20"]

1. d4 Nf6 2. c4 g6 3. Nc3 Bg7 4. e4 d6 5. f3 O-O 6. Be3 Nc6 7. Qd2 e5 8. d5 Nd4
9. Nge2 Nxe2 10. Bxe2 Nh5 11. g4 Nf6 12. O-O-O a6 13. h4 h5 14. gxh5 Nxh5 15.
Bg5 Qe8 16. Rdg1 Kh7 17. f4 Nxf4 18. h5 Rh8 19. hxg6+ Kg8 20. Rxh8+ Kxh8 21.
Bxf4 exf4 22. Qxf4 fxg6 23. Qh4+ Kg8 24. Rh1 Kf7 25. Qh7 Qe5 26. Rf1+ Ke7 27.
Qxg6 Bf6 28. Qh7+ Kd8 29. Qh5 Bg5+ 30. Kb1 c6 31. Qf7 Be3 32. dxc6 bxc6 33.
Qf8+ Kc7 34. Rf7+ Kb6 {äàëåå çàïèñü íåðàçáîð~~èâà} 1-0

[Event "Ä15Â"]
[Site "Loo"]
[Date "2017.04.22"]
[Round "3.28"]
[White "Ñóðêîâà, Ñîôüÿ."]
[Black "Òåðåøå÷êèíà, Òàèñèÿ."]
[Result "1/2-1/2"]
[WhiteElo "1618"]
[BlackElo "1711"]
[PlyCount "74"]
[EventDate "2017.04.20"]

1. b3 Nf6 2. Bb2 e6 3. e3 d5 4. d4 Bd6 5. c4 Nbd7 6. h4 Ne4 7. c5 Be7 8. Bd3
Ndf6 9. Nc3 Nxc3 10. Bxc3 Bd7 11. Nf3 Ng4 12. b4 a6 13. h5 O-O 14. Ne5 Nxe5 15.
dxe5 Bb5 16. Bc2 f5 17. h6 g6 18. Qf3 Bc6 19. Bd4 Bg5 20. Qh3 a5 21. f4 Be7 22.
g4 axb4 23. gxf5 exf5 24. Kd2 Bd7 25. Bb3 Be6 26. Rhg1 c6 27. Qh5 Qe8 28. Rg2
Kh8 29. Qh3 Qf7 30. Rag1 Ra5 31. Rc1 Rfa8 32. Ke2 Qf8 33. Rcg1 Qf7 34. Rc1 Rg8
35. Kf3 Qf8 36. Rcc2 Qf7 37. Rc1 Rga8 1/2-1/2

[Event "Ä15Â"]
[Site "Loo"]
[Date "2017.04.22"]
[Round "3.29"]
[White "Àðòþõîâà, Åëèçàâåòà."]
[Black "Êîêàåâà, Àíàñòàñèÿ."]
[Result "1-0"]
[WhiteElo "1688"]
[BlackElo "1424"]
[PlyCount "109"]
[EventDate "2017.04.20"]

1. d4 c5 2. d5 e5 3. Nf3 d6 4. e4 a6 5. a4 Nf6 6. Nbd2 Be7 7. Bd3 O-O 8. O-O
Bg4 9. c3 Nbd7 10. h3 Bh5 11. Re1 Rb8 12. b4 b5 13. axb5 axb5 14. bxc5 Nxc5 15.
Nb3 Bxf3 16. gxf3 Na4 17. Qd2 Qc8 18. Kh2 Qxc3 19. Qxc3 Nxc3 20. Na5 Ra8 21.
Bd2 Na4 22. Nc6 Rfe8 23. Bxb5 Nb6 24. Rxa8 Nxa8 25. Bb4 Bf8 26. Ba5 Nh5 27. Ra1
Rc8 28. Ba6 Re8 29. Bb7 g6 30. Bd8 Rxd8 31. Nxd8 Nc7 32. Bc6 Be7 33. Nb7 Nf4
34. Ra7 Kg7 35. Na5 Bd8 36. Nc4 Nd3 37. Nxd6 Nc5 38. Rxc7 Bxc7 39. Ne8+ Kf8 40.
Nxc7 Ke7 41. Nb5 f5 42. Nc3 f4 43. Kg1 h6 44. Na4 Nb3 45. Nb6 Nd2 46. Kg2 Kd6
47. Nc8+ Kc7 48. Ne7 g5 49. Nf5 h5 50. Bb5 g4 51. d6+ Kd8 52. hxg4 hxg4 53. Ng7
gxf3+ 54. Kg1 Nxe4 55. Ne6+ 1-0

[Event "Ä15Â"]
[Site "Loo"]
[Date "2017.04.22"]
[Round "3.30"]
[White "Ñâåòëîâà, Êñåíèÿ."]
[Black "Àáäóëêåðèìîâà, Ìàäèíà."]
[Result "1-0"]
[WhiteElo "1676"]
[BlackElo "1400"]
[PlyCount "59"]
[EventDate "2017.04.20"]

1. e4 c5 2. Nf3 d6 3. d4 cxd4 4. Nxd4 Nf6 5. Nc3 g6 6. Be3 Bg7 7. f3 Nc6 8. Bc4
Bd7 9. Qd2 O-O 10. O-O-O Qa5 11. h4 Rfc8 12. Bb3 Ne5 13. Kb1 Nc4 14. Bxc4 Rxc4
15. Nb3 Qc7 16. Bd4 a5 17. Bxf6 Bxf6 18. Nd5 Qd8 19. Nxf6+ exf6 20. Qxd6 a4 21.
Nc5 Qa5 22. Nxd7 a3 23. Rd5 b5 24. Qb6 Qa4 25. b3 Qb4 26. Qxb5 Qxb5 27. Rxb5
Rc6 28. Rd1 Rac8 29. c4 g5 30. hxg5 1-0

[Event "Ì17Ï"]
[Site "Loo"]
[Date "2017.04.22"]
[Round "3.1"]
[White "Àïïàíîâ, Àðòåì."]
[Black "Äóáèíèí, Àëåêñàíäð."]
[Result "0-1"]
[WhiteElo "1992"]
[BlackElo "2165"]
[PlyCount "118"]
[EventDate "2017.04.20"]

1. d4 Nf6 2. Nf3 g6 3. Bg5 Bg7 4. c3 O-O 5. Nbd2 d5 6. e3 b6 7. Bd3 Nbd7 8. O-O
Bb7 9. Ne5 Nxe5 10. dxe5 Nd7 11. f4 f6 12. exf6 exf6 13. Bh4 Qe8 14. Bf2 Nc5
15. Bc2 f5 16. Rc1 Rd8 17. b4 Ne6 18. Bb3 c5 19. Bh4 Rd6 20. Nc4 dxc4 21. Qxd6
cxb3 22. axb3 Rf7 23. Rfd1 Nf8 24. Qd2 Rd7 25. Qe2 Rxd1+ 26. Rxd1 cxb4 27. cxb4
b5 28. Qd3 Qc6 29. Rd2 h6 30. Rc2 Qa6 31. Qd2 Be4 32. Rc7 Ne6 33. Re7 g5 34.
fxg5 hxg5 35. Be1 Qb6 36. Bf2 Qc6 37. h3 a6 38. Qd7 Qxd7 39. Rxd7 Bc3 40. Ra7
Bxb4 41. Rxa6 Kf7 42. Rb6 Bd3 43. g4 fxg4 44. hxg4 Kf6 45. Kg2 Bc5 46. Rb8 Bd6
47. Rc8 Be4+ 48. Kh3 Bd5 49. Rc3 Nc5 50. b4 Ne4 51. Rc2 Bxb4 52. Bg3 Nxg3 53.
Kxg3 Bd6+ 54. Kf2 b4 55. Ke2 b3 56. Rd2 Ke5 57. Kd3 Ba3 58. Kc3 b2 59. Rd1 Be4
0-1

[Event "Ì17Ï"]
[Site "Loo"]
[Date "2017.04.22"]
[Round "3.2"]
[White "Ìèøèí, Âÿ÷åñëàâ."]
[Black "Çàõàðîâ, Íèêèòà."]
[Result "1-0"]
[WhiteElo "2092"]
[BlackElo "1980"]
[PlyCount "95"]
[EventDate "2017.04.20"]

1. e4 c5 2. Nf3 Nc6 3. c3 d5 4. exd5 Qxd5 5. d4 Bg4 6. Be2 cxd4 7. cxd4 Nf6 8.
Nc3 Qa5 9. O-O e6 10. h3 Bh5 11. a3 Be7 12. Be3 Nd5 13. Qb3 O-O-O 14. Nxd5 Qxd5
15. Bc4 Qf5 16. Nh2 Bg6 17. Rac1 Kb8 18. Bb5 Nxd4 19. Bxd4 Rxd4 20. Qc3 Rdd8
21. Qc7+ Ka8 22. Bc6 bxc6 23. Qxc6+ Kb8 24. Qc7+ Ka8 25. Qxe7 Qa5 26. b4 Qb6
27. Nf3 Rhe8 28. Qh4 Rd5 29. Rfe1 e5 30. Qc4 Qd6 31. Ng5 f5 32. Qc6+ Qxc6 33.
Rxc6 Kb7 34. Re6 h6 35. Rxe8 Bxe8 36. Ne6 g5 37. f3 Bc6 38. a4 a5 39. b5 Bd7
40. Nd8+ Kb6 41. Nf7 Rd4 42. Nxe5 Bc8 43. Rc1 Bb7 44. Nc4+ Ka7 45. Nxa5 Rxa4
46. Nxb7 Kxb7 47. Rc5 Rf4 48. Kf2 1-0

[Event "Ì17Ï"]
[Site "Loo"]
[Date "2017.04.22"]
[Round "3.3"]
[White "Øåìÿêèí, Âàëåðèé."]
[Black "Øèðøîâ, Íèêîëàé."]
[Result "1-0"]
[WhiteElo "2039"]
[BlackElo "1931"]
[PlyCount "61"]
[EventDate "2017.04.20"]

1. e4 c5 2. Nf3 e6 3. c4 Nc6 4. Nc3 Nf6 5. d4 cxd4 6. Nxd4 Bb4 7. Nxc6 bxc6 8.
Bd3 e5 9. Bd2 O-O 10. O-O Re8 11. Rc1 h6 12. a3 Bf8 13. b4 a5 14. Qb3 axb4 15.
axb4 Rb8 16. b5 Bb7 17. Be3 Ng4 18. Ba7 Ra8 19. Ra1 Qh4 20. h3 Nf6 21. Rfe1
Rxa7 22. Rxa7 Bc5 23. Ra2 Nh5 24. bxc6 Bxc6 25. Nd5 Re6 26. Bf1 Rg6 27. Qb8+
Kh7 28. Qxe5 Bd6 29. Qf5 Ng3 30. fxg3 Qxg3 31. e5 1-0

[Event "Ì17Ï"]
[Site "Loo"]
[Date "2017.04.22"]
[Round "3.4"]
[White "Ëàïòåâ, Òèìîôåé."]
[Black "Íîâèêîâ, Ñåðãåé."]
[Result "1-0"]
[WhiteElo "1870"]
[BlackElo "2036"]
[PlyCount "105"]
[EventDate "2017.04.20"]

1. e4 c5 2. Nf3 d6 3. Nc3 Nf6 4. Bc4 g6 5. d4 cxd4 6. Nxd4 Bg7 7. Be3 O-O 8. f3
Nc6 9. Qd2 Bd7 10. h4 Rc8 11. Bb3 Ne5 12. O-O-O Nc4 13. Bxc4 Rxc4 14. g4 Qa5
15. Nb3 Qa6 16. Kb1 Rfc8 17. Bd4 b5 18. g5 b4 19. gxf6 bxc3 20. bxc3 exf6 21.
h5 Ra4 22. h6 Bh8 23. Bc5 Rxc5 24. Nxc5 Qb6+ 25. Nb3 Ra6 26. Qd4 f5 27. Qxb6
Rxb6 28. Rhe1 fxe4 29. Rxe4 Be6 30. Rb4 Be5 31. Rxb6 axb6 32. Nd4 Kf8 33. Kb2
Ke8 34. a4 Bd7 35. Ka3 Kd8 36. Kb4 Kc7 37. Re1 Kd8 38. Ne2 g5 39. Rg1 f6 40.
Rf1 Bc6 41. f4 gxf4 42. Nxf4 Ke7 43. Nd3 Ke6 44. Rg1 f5 45. Nxe5 dxe5 46. Rg7
f4 47. Rxh7 f3 48. Rh8 Kf7 49. h7 Kg7 50. Rc8 Kxh7 51. Rxc6 Kg7 52. Rd6 e4 53.
Kc4 1-0

[Event "Ì17Ï"]
[Site "Loo"]
[Date "2017.04.22"]
[Round "3.5"]
[White "Ëåâåíøòåéí, Ìàðê."]
[Black "Ìîñêâèí, Àíàòîëèé."]
[Result "1/2-1/2"]
[WhiteElo "2161"]
[BlackElo "1952"]
[PlyCount "88"]
[EventDate "2017.04.20"]

1. b3 Nf6 2. Bb2 d5 3. Nf3 c6 4. g3 Bf5 5. Bg2 h6 6. O-O e6 7. d3 Be7 8. Nbd2
O-O 9. Re1 Nbd7 10. e4 Bh7 11. Qe2 a5 12. c4 Qb6 13. e5 Ne8 14. d4 a4 15. c5
Qa6 16. Qxa6 Rxa6 17. b4 b5 18. h4 Nc7 19. a3 h5 20. Bh3 Bf5 21. Bf1 Raa8 22.
Re3 Rae8 23. Rae1 Bd8 24. Nh2 Bg6 25. Be2 f6 26. exf6 gxf6 27. Nhf3 Kg7 28. Bf1
Rh8 29. Bh3 Nf8 30. Kh2 Kf7 31. Ng1 Bf5 32. Bf1 Ng6 33. Ngf3 Re7 34. Be2 Ne8
35. Bd3 Ng7 36. Bxf5 Nxf5 37. R3e2 Bc7 38. Kh3 Rg8 39. Nf1 Nf8 40. Rd1 Ke8 41.
Rd3 Reg7 42. N3h2 Kf7 43. Rf3 Ng6 44. Bc3 Nge7 1/2-1/2

[Event "Ì17Ï"]
[Site "Loo"]
[Date "2017.04.22"]
[Round "3.6"]
[White "Óñàíèí, Ìèõàèë."]
[Black "Îâñÿíþê, Äìèòðèé."]
[Result "1-0"]
[WhiteElo "1907"]
[BlackElo "2095"]
[PlyCount "113"]
[EventDate "2017.04.20"]

1. d4 d5 2. c4 e5 3. dxe5 d4 4. Nf3 Nc6 5. a3 Nge7 6. b4 Ng6 7. Bb2 a5 8. b5
Ncxe5 9. Qxd4 Qxd4 10. Bxd4 Nxc4 11. e3 Nd6 12. Nbd2 Bd7 13. a4 b6 14. Rc1 Rc8
15. Bd3 Nb7 16. Ne4 f5 17. Ng3 Bb4+ 18. Ke2 O-O 19. Nh5 Nc5 20. Bxg7 Nxd3 21.
Kxd3 Rfd8 22. Ke2 c6 23. Rhd1 Be7 24. Bf6 Kf8 25. bxc6 Bxc6 26. Rxd8+ Bxd8 27.
Ke1 Bxf6 28. Nxf6 Ne7 29. Ra1 Kg7 30. Nh5+ Kf7 31. Ne5+ Ke6 32. Nc4 Nd5 33.
Ng7+ Kf6 34. Nxf5 Nb4 35. Nd4 Bxg2 36. Nxb6 Nc2+ 37. Nxc2 Rxc2 38. Rb1 Bf3 39.
Nd7+ Kg6 40. Nf8+ Kf5 41. Rb5+ Kg4 42. Nxh7 Re2+ 43. Kd1 Rxf2+ 44. Kc1 Rxh2 45.
Nf6+ Kg3 46. Rxa5 Rh4 47. Kd2 Kf2 48. Ra7 Rb4 49. a5 Ra4 50. e4 Bxe4 51. Nxe4+
Rxe4 52. Ra8 Re2+ 53. Kd3 Ke1 54. a6 Re7 55. Rb8 Ra7 56. Rb1+ Kf2 57. Ra1 1-0

[Event "Ì17Ï"]
[Site "Loo"]
[Date "2017.04.22"]
[Round "3.7"]
[White "Åãîðîâ, Àëåêñåé."]
[Black "Çàáîëîòíîâ, Åâãåíèé."]
[Result "0-1"]
[WhiteElo "1776"]
[BlackElo "2087"]
[PlyCount "72"]
[EventDate "2017.04.20"]

1. e4 c6 2. Nc3 d5 3. Nf3 Nf6 4. e5 Ne4 5. d4 Nxc3 6. bxc3 e6 7. Bd2 c5 8. g3
Nc6 9. Bg2 Be7 10. O-O cxd4 11. cxd4 O-O 12. Qe2 Na5 13. Bc3 Qc7 14. Qd3 Bd7
15. Rfb1 Rab8 16. Nd2 Rfc8 17. Bxa5 Qxa5 18. c4 Bb4 19. cxd5 Bxd2 20. dxe6 fxe6
21. Rxb7 Qc3 22. Qxc3 Bxc3 23. Rab1 Rxb7 24. Rxb7 Bc6 25. Bxc6 Rxc6 26. Rxa7
Bxd4 27. Ra8+ Kf7 28. a4 Rc2 29. a5 Bxf2+ 30. Kh1 Ra2 31. a6 Bd4 32. h4 Bxe5
33. a7 h6 34. g4 Bd4 35. g5 hxg5 36. hxg5 Rxa7 0-1

[Event "Ì17Ï"]
[Site "Loo"]
[Date "2017.04.22"]
[Round "3.8"]
[White "Ãàâðèê, Àëåêñàíäð."]
[Black "Íåçíàíîâ, Àëåêñàíäð."]
[Result "0-1"]
[WhiteElo "1688"]
[BlackElo "2050"]
[PlyCount "38"]
[EventDate "2017.04.20"]

1. e4 c5 2. Nf3 e6 3. d4 cxd4 4. Nxd4 Nf6 5. Nc3 d6 6. Bg5 Be7 7. Be2 O-O 8.
O-O a6 9. a4 b6 10. Qd2 Bb7 11. f3 Nbd7 12. Rad1 h6 13. Be3 Qc7 14. Na2 d5 15.
exd5 Nxd5 16. Bf2 Bg5 17. Qd3 Nf4 18. Qc3 Nc5 19. Qa3 e5 0-1